Young Boys Best Scorer By Year - Statistics

General Stats
  • This quiz has been taken 67 times
    15 since last reset
  • The average score is 8 of 34
Answer Stats
Player % Correct
Guillaume Hoarau
100%
Jean-Pierre Nsame
93%
Christian Fassnacht
79%
Joel Monteiro
64%
Seydou Doumbia
64%
Jordan Pefok
50%
Stéphane Chapuisat
50%
Hakan Yakin
29%
Michael Frey
29%
Raphael Nuzzolo
29%
Kudi Müller
21%
Emmanuel Mayuka
14%
Gürkan Sermeter
14%
Henri Bienvenu
14%
Thomas Häberli
14%
Adrian Kunz
7%
Agent Sawu
7%
Bernd Nickel
7%
Dario Zuffi
7%
Franz Peterhans
7%
Gabriel Okolosi
7%
Gaetano Giallanza
7%
Georges Bregy
7%
João Paulo Daniel
7%
Lars Lunde
7%
Marco Dittgen
7%
Maurizio Jacobacci
7%
Mini Jakobsen
7%
Peter Közle
7%
Robert Prytz
7%
Roland Schönenberger
7%
Seppi Küttel
7%
Thomas Zwahlen
7%
Tomasz Rzasa
7%
No matching quizzes found
Score Distribution
Percent of People with Each Score
Percentile by Number Answered
Your Score History
You have not taken this quiz since the last reset